000 00487nam a2200181Ia 4500
005 20250508151009.0
008 008 250505s9999 xx 000 0 eng d
037 _aTextual
040 _aFEDL
_beng
_cFEDL
041 _aeng
_2eng
084 _a420.7, RID
_qFEDL
100 _aRidout Ronald
_9758149
245 0 _aEighth english workbook
260 _aLondon, UK
_bGinn and Company Limited
300 _a64p.
942 _cTEXL
_h420.7, RID
999 _c1326938
_d1326938